La aventura semiológica
Wedi'i Gadw mewn:
| Prif Awdur: | |
|---|---|
| Fformat: | Llyfr |
| Iaith: | Sbaeneg |
| Cyhoeddwyd: |
Barcelona
Paidós
2009
|
| Rhifyn: | 1a. ed |
| Cyfres: | Biblioteca Roland Barthes
|
| Pynciau: | |
| Tagiau: |
Ychwanegu Tag
Dim Tagiau, Byddwch y cyntaf i dagio'r cofnod hwn!
|
MARC
| LEADER | 00000cam a2200000 a 4500 | ||
|---|---|---|---|
| 001 | UCE1828 | ||
| 003 | CL-VaPUC | ||
| 008 | 140519e20090000sp |||||||||||||||||spa|d | ||
| 020 | |a 9788449322310 | ||
| 082 | 0 | 4 | |a 302.2 |b BAR |2 21 |
| 100 | |a Barthes, Roland |e author |9 265510 | ||
| 245 | 1 | 3 | |a La aventura semiológica |
| 250 | |a 1a. ed | ||
| 300 | |a 459 p | ||
| 942 | |c BK | ||
| 945 | |d 20140519 10:12:00 |a dcastane | ||
| 260 | |a Barcelona |b Paidós |c 2009 | ||
| 650 | 0 | |a Semiología |9 317916 | |
| 650 | 0 | |a Semiótica |9 265317 | |
| 650 | 0 | |a Filosofía del lenguaje |9 257082 | |
| 650 | 0 | |a Comunicación visual |9 265349 | |
| 650 | 0 | |a Imágenes |9 361884 | |
| 583 | |a last modification |c 20140519 10:12:00 |k Rodrigo Vera | ||
| 490 | 0 | |a Biblioteca Roland Barthes | |
| 999 | |c 355512 |d 355510 | ||
| 952 | |0 0 |1 0 |3 erb |4 0 |6 302_200000000000000_BAR_2009 |7 0 |8 A |9 462269 |a BIBCUR |b BIBCUR |i 5074363 |o 302.2 BAR 2009 |p 5074363 |r 2025-04-22 |w 2019-11-23 |y BK |z Catalogado en:20140519 |k PER | ||
| 952 | |0 0 |1 0 |3 erb |4 0 |6 302_200000000000000_BAR_2009 |7 0 |8 A |9 462270 |a BIBCUR |b BIBCUR |i 5074371 |o 302.2 BAR 2009 |p 5074371 |r 2025-04-22 |w 2019-11-23 |y BK |z Catalogado en:20140519 |k PER | ||